| 000 | 00671nmm a2200253 a 4500 | ||
|---|---|---|---|
| 003 | AR-BaBNM | ||
| 005 | 20251128203746.0 | ||
| 008 | 287019s1956 ||||||||||||||000 | spa|| | ||
| 040 | _cAR-BaBNM | ||
| 100 | 1 | _aBarzun, Jacques | |
| 245 | 1 | 0 |
_aBerlioz and his century _ban introduction to the age of romanticism |
| 260 |
_aNew York _bMeridian Books _c1956 |
||
| 300 | 0 | _a448 p. | |
| 500 | 0 | _aContiene índice alfabético en p. 438 | |
| 650 | 4 | _aBIOGRAFIAS | |
| 650 | 4 | _aMUSICOS | |
| 650 | 4 | _aHISTORIA DE LA MUSICA | |
| 650 | 4 | _aMUSICA CLASICA | |
| 650 | 4 | _aFORMAS MUSICALES | |
| 650 | 4 | _aMUSICA RELIGIOSA | |
| 650 | 4 | _aOPERA | |
| 942 | _cBK | ||
| 998 | _cMARTIN | ||
| 999 |
_c4826 _d4826 |
||